Le 16e siècle (notice n° 2174990)

détails MARC
000 -LEADER
fixed length control field 01316cam a2200145 4500500
005 - DATE AND TIME OF LATEST TRANSACTION
control field 20260405051043.0
041 ## - LANGUAGE CODE
Language code of text/sound track or separate title fre
042 ## - AUTHENTICATION CODE
Authentication code dc
100 10 - MAIN ENTRY--PERSONAL NAME
Personal name Bennassar, Bartolomé
Relator term author
245 00 - TITLE STATEMENT
Title Le 16e siècle
260 ## - PUBLICATION, DISTRIBUTION, ETC.
Name of publisher, distributor, etc. Armand Colin,<br/>
Date of publication, distribution, etc. 2020.<br/>
520 ## - SUMMARY, ETC.
Summary, etc. Préparé par la vive fermentation du 15e siècle finissant et fécondé par les voyages d’exploration qui mettent le vieux monde occidental en contact avec d’autres civilisations, le 16e siècle apparaît comme une période riche d’événements, en conflits, en transformations et renouvellements politiques, économiques, philosophiques et artistiques. Avec lui naissent les Temps Modernes. Aux débuts de ce siècle, marqué par de hautes aspirations morales et philosophiques, succède une période de troubles – politiques et religieux – et de doutes à l’échelle européenne comme mondiale. L’époque n’en reste pas moins celle de la nouveauté : les moyens donnés à l’Europe pour dominer le monde, l’organisation de l’État dans un cadre national, l’affirmation de la conscience individuelle…, autant d’éléments que le Grand Siècle va établir et développer.
700 10 - ADDED ENTRY--PERSONAL NAME
Personal name Jacquart, Jean
Relator term author
856 41 - ELECTRONIC LOCATION AND ACCESS
Uniform Resource Identifier <a href="https://shs.cairn.info/le-16e-siecle--9782200626143?lang=fr&redirect-ssocas=7080">https://shs.cairn.info/le-16e-siecle--9782200626143?lang=fr&redirect-ssocas=7080</a>

Pas d'exemplaire disponible.

PLUDOC

PLUDOC est la plateforme unique et centralisée de gestion des bibliothèques physiques et numériques de Guinée administré par le CEDUST. Elle est la plus grande base de données de ressources documentaires pour les Étudiants, Enseignants chercheurs et Chercheurs de Guinée.

Adresse

627 919 101/664 919 101

25 boulevard du commerce
Kaloum, Conakry, Guinée

Réseaux sociaux

Powered by Netsen Group @ 2025